000 00492nam a2200181Ia 4500
003 GCL
008 140319s9999 xx 000 0 eng d
040 _aGCL /
_cGCL
082 0 4 _a530.1
_bB Q
100 1 _aBROGINSKY, VLADIMIR B.
245 1 0 _aQUANTUM MEASUREMENT /
_cBROGINSKY, VLADIMIR B.
700 1 _aKHAILLI, FARIDYA
260 _a[S.N] :
_bCAMBRIDGE UNIVERSITY PRESS ،
_c1995
300 _a191\P
650 0 4 _aQUANTUM THEORY
650 0 4 _aPHYSICAL MEASUREMENTS
942 _2ddc
_cBK
999 _c23507
_d23507